| 000 | 01553nam a2200385 4500 | ||
|---|---|---|---|
| 003 | OSt | ||
| 005 | 20231023125409.0 | ||
| 008 | 231018s2017 mx ad||f |||| 001 0 spa d | ||
| 020 | _a 9789264280762 (OCDE) | ||
| 020 | _a 9789253098088 (FAO) | ||
| 040 |
_erda _cCHAP |
||
| 082 | 0 | 0 |
_222 _a338.1 _bO15 2017 |
| 245 |
_aOCDE- FAO perspectivas agrícolas 2017-2026 / _cedición en español por Laura Milena Valencia Escobar y García Baena Sonia |
||
| 246 | 3 | 4 | _aOCDE- FAO perspectivas agrícolas 2017-2026: |
| 250 | _aDecimotercera edición | ||
| 264 | 4 |
_aParís: _bOCDE: _b FAO: _bUniversidad Autónoma Chapingo, _c2017. |
|
| 300 |
_a149 páginas: _bIlustraciones, gráficas, cuadros. |
||
| 336 |
_2rdacontent _atexto _btxt |
||
| 337 |
_2rdamedia _bn _asin medio |
||
| 338 |
_2rdacarrier _avolumen _bnc |
||
| 500 | _aContenido con enfoque especial: Sudeste asiático | ||
| 504 | _aIncluye índice y bibliografía | ||
| 534 |
_pPublicado originalmente: _tAgricultural Outlook 2017-2026. _cOrganización para la Cooperación y el Desarrollo Económicos (OCDE) y la Organización de las Naciones Unidas para la Alimentación y la Agricultura (FAO) |
||
| 650 | 4 |
_9188164 _aProducción agrícola _zAsia |
|
| 650 | 4 |
_9139697 _aProducción agrícola _xEstadísticas |
|
| 650 | 4 |
_9151512 _aAgricultura aspectos económicos |
|
| 700 | 1 |
_9188160 _aValencia Escobar, Laura Milena _eedición |
|
| 700 | 1 |
_9188163 _aGarcía Baena, Sonia _eedición |
|
| 942 | _2ddc | ||
| 942 | _2ddc | ||
| 942 | _2ddc | ||
| 942 | _2ddc | ||
| 942 | _2ddc | ||
| 942 | _cLIBRO | ||
| 999 |
_c219289 _d219289 |
||